10 największych miast Finlandii-quiz na mapie - Statystyki

Ogólne statystyki
  • Ten quiz został rozwiązany 81 razy
  • Średni wynik to 5 z 10
Odpowiedzi na mapie
Odpowiedzi zakodowano w zielono-czerwonej skali na mapie do tego quizu, zgodnie z poniższymi procentami.
 
Statystyki odpowiedzi
# Populacja Miasto % Poprawnych
1. 658 864 Helsinki
100%
5. 209 648 Oulu
73%
6. 195 301 Turku
73%
3. 249 009 Tampere
64%
9. 120 093 Lahti
58%
2. 305 274 Espoo
52%
8. 121 557 Kuopio
51%
4. 242 819 Vantaa
28%
10. 83 491 Pori
18%
7. 144 477 Jyväskylä
16%
Nie znaleziono quizów pasujących do podanych kryteriów
Rozkład punktacji
Procent ludzi z każdym wynikiem
Percentyl według liczby udzielonych odpowiedzi
Twoja historia wyników
Nie rozwiązałeś tego quizu